000 00830 a2200289 4500
001 200423049
650 7 _aKısa hikayeler, Türk
_2etuturkob
_948475
999 _c200423049
_d13944
003 TR-AnTOB
005 20250620074105.0
008 151022e19962015tu 000 1
020 _a9789753634838
040 _aTR-AnTOB
_beng
_erda
041 _atur
050 0 _aPL248.F993
_bP37 2015
090 _aPL248.F993 P37 2015
100 0 _aFüruzan
_931720
245 1 0 _aParasız yatılı /
_cFüruzan ; editör Murat Yalçın.
264 1 _aİstanbul :
_bYapı Kredi Yayınları,
_c2015
300 _a169 pages ;
_c22 cm.
336 _atext
_2rdacontent
337 _aunmediated
_2rdamedia
338 _avolume
_2rdacarrier
650 0 _aShort stories, Turkish
_931731
700 1 _aYalçın, Murat,
_d1970-
_9102952
942 _cBK